LEADER 00842nam0-2200265---450- 001 990009703930403321 005 20130326160455.0 035 $a000970393 035 $aFED01000970393 035 $a(Aleph)000970393FED01 035 $a000970393 100 $a20130326d1967----km-y0itay50------ba 101 0 $ager 105 $a--------001yy 200 1 $a<>soziale Sicherung in der Bundesrepublik Deutschland$ebisherige und kunftige Entwicklung$estand: 1. Marz 1967$fInstitut Finanzen und Steuern 210 $aBonn$cBonn am Rhein$d1967 215 $a94 p.$d21 cm 712 02$aInstitut "Finanzen und Steuern" 801 0$aIT$bUNINA$gRICA$2UNIMARC 901 $aBK 912 $a990009703930403321 952 $aI3.11$b4639$fDECTS 959 $aDECTS 996 $aSoziale Sicherung in der Bundesrepublik Deutschland$9844386 997 $aUNINA